Calculus with analytic geometry + CD, 7/e (Record no. 302638)
[ view plain ]
| 000 -LEADER | |
|---|---|
| fixed length control field | 00273 a2200121 4500 |
| 001 - CONTROL NUMBER | |
| control field | 67565 |
| 082 ## - DEWEY DECIMAL CLASSIFICATION NUMBER | |
| Classification number | 515ANT |
| 090 ## - LOCALLY ASSIGNED LC-TYPE CALL NUMBER (OCLC); LOCAL CALL NUMBER (RLIN) | |
| -- | 38619 |
| -- | 38619 |
| 100 ## - MAIN ENTRY--PERSONAL NAME | |
| Personal name | Anton,H |
| 245 ## - TITLE STATEMENT | |
| Title | Calculus with analytic geometry + CD, 7/e |
| 250 ## - EDITION STATEMENT | |
| Edition statement | 7 |
| 260 ## - PUBLICATION, DISTRIBUTION, ETC. | |
| Place of publication, distribution, etc. | NY |
| Name of publisher, distributor, etc. | John Wiley & Sons |
| Date of publication, distribution, etc. | 2002 |
| 942 ## - ADDED ENTRY ELEMENTS (KOHA) | |
| Institution code [OBSOLETE] | NUST-CAE |
| Call number prefix | 515ANT |
| Withdrawn status | Lost status | Damaged status | Not for loan | Collection code | Permanent Location | Current Location | Date acquired | Total Checkouts | Full call number | Barcode | Date last seen | Price effective from | Koha item type |
|---|---|---|---|---|---|---|---|---|---|---|---|---|---|
| College of Aeronautical Engineering (CAE) | College of Aeronautical Engineering (CAE) | 04/03/2017 | 515ANT | CAEN-2170 | 04/05/2017 | 04/05/2017 | Book |
